00281nam a22000857a 4500008004100000082001800041245006900059260005700128300001000185230609b xxu||||| |||| 00| 0 eng d a370.7519bMES aEducation in KoreacMinistry of Education Science and Technology aKoreabMinistry of Education, Science and Technology a206 p